Les arts de l'Indochine

Kaydedildi:
Detaylı Bibliyografya
Yazar: De Coral Rémusat, G (Yazar)
Materyal Türü: Kitap
Dil:Fransızca
Baskı/Yayın Bilgisi: París Les Editions d'Art et d'Histoire 1938
Konular:
Etiketler: Etiketle
Etiket eklenmemiş, İlk siz ekleyin!

MARC

LEADER 00000nam a2200000 a 4500
001 UCZ6002
003 CL-VaPUC
008 951130e19380000FR |||||||||||||||||fre|d
082 0 4 |a 709.59  |b DEC  |2 21 
100 0 |a De Coral Rémusat, G  |e author  |9 350216 
245 1 4 |a Les arts de l'Indochine 
300 |a 77 p 
942 |c BK 
945 |d 19951130 00:00:00  |a rleighto 
260 |a París  |b Les Editions d'Art et d'Histoire  |c 1938 
650 0 |a Arte  |9 265238 
650 0 |a Bellas artes  |9 334299 
650 0 |a Obras de arte  |9 337253 
651 7 |a CAMBOYA  |2 CL-VaPUC  |9 350217 
651 7 |a LAOS  |2 CL-VaPUC  |9 350218 
583 |a last modification  |c 19951130 00:00:00  |k Rodrigo Vera 
999 |c 242270  |d 242268 
952 |0 0  |1 0  |4 0  |6 709_590000000000000_DEC_1938  |7 0  |8 A  |9 255091  |a BIBART  |b BIBART  |d 2019-11-19  |i 3143449  |l 1  |o 709.59 DEC 1938  |p 3143449  |r 2025-05-05  |s 2025-04-28  |w 2019-11-19  |y BK  |k ART